[Event "2nd Sharjah Masters 2018"]
[Site "Sharjah"]
[Date "2018.04.13"]
[Round "2"]
[White "Mahitosh Dey"]
[Black "Erigaisi Arjun"]
[Result "0-1"]
[WhiteElo "1913"]
[BlackElo "2481"]
[Annotator "TA"]
[PlyCount "64"]
[EventDate "2018.??.??"]
[EventType "swiss"]
[EventCountry "UAE"]
[SourceTitle "playchess.com"]
[Source "ChessBase"]
[SourceQuality "1"]

{[%evp 15,64,7,8,-14,0,-10,-10,-10,4,0,2,14,12,8,17,-16,0,0,0,0,0,0,0,-12,0,-14,0,-48,-43,-31,-14,-204,-183,-289,-284,-336,-314,-618,-609,-612,-619,-613,-575,-599,-474,-609,-563,-29976,-29977,-29979,-29980]} 1. Nf3 d5 2. g3 Bg4 3. Bg2 Nd7 4. O-O c6 5. d4 e6 6. Bf4 Ngf6 7. Nbd2 Be7 8. c4 O-O {LiveBook: 7 Games} 9. c5 {A07: Réti Opening: New York and Capablanca Systems} (9. a3 a5 10. h3 Bf5 11. Nh4 a4 12. Nxf5 exf5 13. Qc2 Ne4 14. cxd5 cxd5 15. Rac1 Ndf6 16. Nf3 Qd7 {1-0 (62) Dzagnidze,N (2550)-Guseva,M (2371) Khanty-Mansiysk 2014}) 9... Re8 $146 ({Predecessor:} 9... b6 10. b4 a5 11. a3 Qc8 12. h3 Bxf3 13. Bxf3 Qb7 14. Qc2 axb4 15. axb4 h6 16. g4 Rfe8 {0-1 (48) Gabriel,A (2129)-Kuchynka,L (2310) Czechia 2012}) 10. h3 Bh5 11. b4 {The position is equal.} a5 12. a3 Ne4 13. Nxe4 dxe4 14. Nd2 f5 15. f3 Nf6 (15... Bf6 {feels hotter.} 16. Be3 exf3 17. exf3 axb4 18. axb4 Rxa1 19. Qxa1 f4) 16. Nc4 ({Of course not} 16. fxe4 Qxd4+ 17. Kh2 e5 $17) 16... axb4 17. axb4 exf3 18. Bxf3 Bxf3 19. exf3 (19. Rxf3 {with more complications.} Rxa1 20. Qxa1 Qd5 21. Nb6 Qe4 22. Re3) 19... Nd5 20. Be5 f4 21. gxf4 Rxa1 22. Qxa1 Rf8 23. Qc1 $2 {[#]} (23. Kh2 $11) 23... Bf6 $1 $19 24. f5 (24. Qc2 $142) 24... Bxe5 (24... exf5 25. f4 $17) 25. dxe5 Qh4 ({Not} 25... exf5 26. f4 $17) ({Less strong is} 25... Nxb4 26. f6 $15) 26. f6 $2 (26. Nd6 Qg3+ 27. Kh1) 26... Qg3+ 27. Kh1 Qxh3+ 28. Kg1 {White wants to play Qg5.} Qg3+ 29. Kh1 Nxf6 30. Nd6 Nh5 {[#] ( -> ...Rf4)} 31. f4 Qh4+ 32. Kg1 Nxf4 {Precision: White = 28%, Black = 44%.} 0-1

[Event "2nd Sharjah Masters 2018"]
[Site "Sharjah"]
[Date "2018.04.13"]
[Round "2"]
[White "Bommini Mounika Akshaya"]
[Black "Aditya Mittal"]
[Result "0-1"]
[WhiteElo "1831"]
[BlackElo "2212"]
[Annotator "NA"]
[PlyCount "74"]
[EventDate "2018.??.??"]
[EventType "swiss"]
[EventCountry "UAE"]
[SourceTitle "playchess.com"]
[Source "ChessBase"]
[SourceQuality "1"]
[TimeControl "5400+30"]

1. d4 {[%emt 0:00:00]} d5 {[%emt 0:00:15]} 2. Bf4 {[%emt 0:00:00]} Nf6 {[%emt 0:00:05]} 3. e3 {[%emt 0:00:05]} c5 {[%emt 0:00:08]} 4. c3 {[%emt 0:00:06]} Nc6 {[%emt 0:00:07]} 5. Nd2 {[%emt 0:00:08]} e6 {[%emt 0:00:08]} 6. Ngf3 {[%emt 0:00:03]} cxd4 {[%emt 0:00:07]} 7. exd4 {[%emt 0:00:14]} Nh5 {[%emt 0:00:20]} 8. Be3 {[%emt 0:02:15]} Bd6 {[%emt 0:00:11]} 9. Ne5 {[%emt 0:07:18]} g6 {[%emt 0:13:04]} 10. Ndf3 {[%emt 0:07:41]} f6 {[%emt 0:03:27]} 11. Nxc6 {[%emt 0:23:45]} bxc6 {[%emt 0:00:02]} 12. Bh6 {[%emt 0:01:48]} Qc7 {[%emt 0:05:55]} 13. g3 {[%emt 0:05:21]} Ng7 {[%emt 0:12:28]} 14. Be2 {[%emt 0:07:43]} Nf5 {[%emt 0:08:43]} 15. Bd2 {[%emt 0:03:05]} e5 {[%emt 0:01:15]} 16. O-O {[%emt 0:05:29]} e4 {[%emt 0:02:23]} 17. Ne1 {[%emt 0:00:13]} h5 {[%emt 0:02:25]} 18. h4 {[%emt 0:13:36]} Bxg3 {[%emt 0:12:07]} 19. fxg3 {[%emt 0:02:54]} Qxg3+ {[%emt 0:00:14]} 20. Ng2 {[%emt 0:02:35]} Nxh4 {[%emt 0:00:22]} 21. Rf2 {[%emt 0:01:08]} e3 {[%emt 0:00:31]} 22. Bxe3 {[%emt 0:02:46]} Nxg2 {[%emt 0:00:11]} 23. Rxg2 {[%emt 0:02:15]} Qxe3+ {[%emt 0:00:02]} 24. Kh1 {[%emt 0:00:38]} Bh3 {[%emt 0:07:45]} 25. Rh2 {[%emt 0:01:57]} Bf5 {[%emt 0:01:06]} 26. Bf3 {[%emt 0:02:09]} Kf7 {[%emt 0:00:32]} 27. Bg2 {[%emt 0:01:43]} h4 {[%emt 0:06:31]} 28. Qf1 {[%emt 0:03:32]} h3 {[%emt 0:05:29]} 29. Bf3 {[%emt 0:00:10]} Be4 {[%emt 0:08:57]} 30. Bxe4 {[%emt 0:00:54]} Qxe4+ {[%emt 0:00:08]} 31. Kg1 {[%emt 0:00:11]} Rh4 {[%emt 0:01:03]} 32. Rf2 {[%emt 0:01:51]} Rg4+ {[%emt 0:05:17]} 33. Kh2 {[%emt 0:00:06]} Rg2+ {[%emt 0:00:06]} 34. Rxg2 {[%emt 0:00:12]} hxg2 {[%emt 0:00:01]} 35. Qxg2 {[%emt 0:00:14]} Rh8+ {[%emt 0:00:05]} 36. Kg1 {[%emt 0:00:25]} Qe3+ {[%emt 0:00:05]} 37. Kf1 {[%emt 0:00:11]} Rh4 {[%emt 0:01:09]} 0-1

[Event "2nd Sharjah Masters 2018"]
[Site "Sharjah"]
[Date "2018.04.13"]
[Round "2"]
[White "Khezrian, Nooralzahra"]
[Black "Amin, Bassem"]
[Result "0-1"]
[WhiteElo "1401"]
[BlackElo "2700"]
[Annotator "TA"]
[PlyCount "84"]
[EventDate "2018.??.??"]
[EventType "swiss"]
[EventCountry "UAE"]
[SourceTitle "playchess.com"]
[Source "ChessBase"]
[SourceQuality "1"]

{[%evp 9,84,29,27,10,25,-44,-19,-116,-115,-114,-122,-112,-106,-136,-34,-42,-33,-29,-38,-96,-98,-98,-98,-143,-151,-159,-145,-151,-144,-166,-166,-180,-182,-210,-208,-268,-274,-266,-269,-429,-429,-418,-415,-407,-387,-464,-454,-613,-569,-779,-763,-731,-718,-895,-882,-797,-774,-29973,-29974,-29974,-29973,-29975,-12504,-29978,-29979,-29985,-29986,-29985,-29984,-29984,-29985,-29985,-29986,-29987,-29988,-29988,-29989]} 1. e4 Nf6 2. e5 Nd5 3. d4 d6 4. Nf3 g6 5. c4 Nb6 {LiveBook: 164 Games} 6. Bf4 {B04: Alekhine's Defence: 4 Nf3} (6. exd6 cxd6 7. Nc3 Bg7 8. Be3 O-O 9. Be2 Nc6 10. O-O Bg4 11. b3 d5 12. c5 Nc8 13. h3 Bxf3 14. Bxf3 e6 15. b4 a6 16. Rb1 N8e7 17. g4 f5 18. Ne2 fxg4 19. Bxg4 Nf5 20. Qd2 Kh8 21. Rb3 e5 22. Bxf5 Rxf5 {0-1 (54) Potapov,P (2479)-Zvjaginsev,V (2643) St Petersburg 2017}) 6... Bg7 7. Qd2 ({White should play} 7. Nc3 $11) 7... Bg4 $15 8. Ng5 $146 (8. Qe3 $11) ({Predecessor:} 8. Be2 Nc6 9. O-O dxe5 10. dxe5 O-O 11. Qe3 Bxf3 12. gxf3 Qd4 13. Qxd4 Nxd4 {0-1 (57) Salman,M (2085)-Ghader Pour,S (2185) Teheran 2008}) 8... dxe5 $17 9. dxe5 {[#] And now Qxd8+ would win.} Nc6 10. h3 Bf5 11. Nf3 Bxb1 ({Better is} 11... Na4 $17 {aiming for ...Qxd2+.} 12. b3 Qxd2+ 13. Nbxd2 Nb4) 12. Qxd8+ $15 Rxd8 (12... Nxd8 {is more complex.} 13. Rxb1 Ne6 14. Bd2 Nd7 15. Bc3 Ndc5) 13. Rxb1 e6 14. Rd1 ({White should try} 14. c5 $15 Nd5 15. Bg5) 14... Rxd1+ $17 15. Kxd1 Nd7 16. Nd2 Bxe5 17. Bxe5 Ndxe5 18. f4 Nd7 19. Nf3 Ke7 20. Be2 Rd8 21. Kc2 Nf6 22. Rd1 Rxd1 23. Bxd1 $19 {[%mdl 4096] Endgame KBN-KNN} Nh5 24. Ne5 (24. Ng1 $142) 24... Nxf4 25. Nxc6+ bxc6 {[%cal Bb7c6,Bc6c5][%mdl 32] KB-KN} 26. Bf3 Kd6 27. b4 c5 28. b5 f5 29. h4 e5 {[%cal Be6e5,Be5e4][%mdl 32]} 30. g3 Ne6 31. Bd5 e4 32. Kd2 Ke5 33. Bxe6 Kxe6 {KP-KP} 34. Ke2 Ke5 35. Ke3 h6 {[%cal Bh7h6,Bh6g5,Bg5f4][%mdl 32]} 36. a4 g5 {Black mates.} 37. hxg5 hxg5 38. a5 f4+ 39. gxf4+ gxf4+ 40. Ke2 Kd4 41. b6 cxb6 42. axb6 axb6 {Precision: White = 20%, Black = 78%.} 0-1

[Event "2nd Sharjah Masters 2018"]
[Site "Sharjah"]
[Date "2018.04.13"]
[Round "2"]
[White "Zayed, Sultan Al Taher"]
[Black "Vignesh N R"]
[Result "0-1"]
[WhiteElo "1211"]
[BlackElo "2475"]
[Annotator "TA"]
[PlyCount "68"]
[EventDate "2018.??.??"]
[EventType "swiss"]
[EventCountry "UAE"]
[SourceTitle "playchess.com"]
[Source "ChessBase"]
[SourceQuality "1"]

{[%evp 23,68,0,0,0,12,-36,-36,-34,-14,-23,-24,-63,-16,-390,-396,-384,-393,-471,-473,-480,-479,-468,-464,-544,-536,-526,-519,-520,-483,-445,-429,-559,-560,-552,-534,-558,-553,-504,-445,-743,-737,-729,-587,-29989,-29990,-29989,-29985]} 1. d4 Nf6 2. Bf4 d5 3. e3 c5 4. c3 Nc6 5. Nd2 g6 6. Bd3 Bg7 7. Ngf3 O-O 8. h3 {D02: 1 d4 d5 2 Nf3 sidelines, including 2...Nf6 3 g3 and 2...Nf6 3 Bf4} Nd7 9. O-O e5 10. dxe5 Ndxe5 11. Be2 Re8 (11... Nxf3+) 12. Nxe5 Nxe5 {LiveBook: 5 Games} 13. Nf3 Nc6 14. c4 $146 ({Predecessor:} 14. Re1 Be6 15. Ng5 {1-0 (43) Horvath,I (2294)-Marton,J (2157) Hungary 2009}) 14... d4 $1 15. exd4 $1 {next d5 is good for White.} Nxd4 16. Nxd4 Bxd4 17. Qd2 Qf6 {...Rxe2! is the strong threat.} (17... g5 $5 18. Be3 Bxe3 19. Qxd8 Rxd8 20. fxe3 Rd2 $15) 18. Bg5 $2 {[%mdl 8192] [#]} (18. Bf3 $11) 18... Rxe2 $1 $19 {[%mdl 512]} 19. Qxe2 Qxg5 20. Kh1 Bd7 21. Rad1 Re8 22. Qd2 Qh4 23. Rde1 Rxe1 24. Qxe1 Bc6 {[#] ( -> ...Qxh3+)} 25. f3 Qf4 26. Qc1 Be3 27. Qd1 Qxc4 28. Re1 Qd4 29. Qe2 Bf4 30. Rd1 Qe5 31. Qc4 (31. Qxe5 $142 Bxe5 32. Rd8+ Kg7 33. b3) 31... Qg5 32. Qc3 Bc7 33. g4 Qf4 {[%csl Gc7][%cal Rf4h2]} 34. Rd2 Be5 {Precision: White = 36%, Black = 78%.} 0-1